000 00892nas a2200289 4500
001 BR0901000
003 BR-BrBNA
005 20231205113124.0
007 ta
008 230509b bl.|||p| |||| 00| 00por d
040 _aBR-BrBNA
_bpor
_cBiblioteca Nacional de Agricultura
041 _a(Pt)
072 _aH60
100 1 _aBressan, G.M.
100 1 _aKoenigkan, L.V.
100 1 _aOliveira, V.A.
100 1 _aCruvinel,P.E.
100 1 _aKaram, D.5
245 1 _aSistema de classificação fuzzy para o risco de infestação por plantas daninhas considerando a sua variabilidade espacial
650 _aDINAMICA POPULACIONAL
650 _aMAPA
650 _aANALISE DE LABORATÓRIO
650 _aERVA DANINHA
773 0 _tPlanta Daninha (Brazil)
_xISSN 0100-8358
_g(2006), v. 24(2) p. 229-238
_wBR0901000
909 _a202311
_bLúcia
_c55
_dLúcia Elande
942 _2AGRIS
_n0
_cANA
999 _c201969
_d201969